01197pab a2200145 454500008004000000100002300040245009100063260000900154300001400163362001200177520078600189650001700975650001500992773004401007180718b2011 xxu||||| |||| 00| 0 eng d aGuha Roy, Jaytilak aEfficacy of our criminal justice system to combat corruption: A critical introspection c2011 ap.621-627 aJul-Sep aThe existing criminal justice system of the country has been suffering from cetain maladies resulting in a wide performance gap on a persistent basis. Lack of coordination between police and prosecution is one of the major handicaps it faces, besides want of professional capability and competence of police personnel in crime investigation. This is reflected in the poor rate of conviction in criminal offences. Moreover, the existing accused-oriented system needs to be replaced with a victim-oriented one, and for this, the burden of proof should lay with the accused. The existing criminal justice system in India, which remains by and large a colonial legacy, needs radical reforms to make it effective in the fight against deep-rooted corruption in our society. - Reproduced. aCriminal law aCorruption aIndian Journal of Public Administration